000 00319nam a2200121Ia 4500
008 240731s9999 xx 000 0 und d
022 _a1743-9647
245 0 _aTotalitarian Movements and Political Religions
260 _bRoutledge
856 _uhttps://www.tandfonline.com/loi/ftmp20
942 _2ddc
942 _cTFEJ
999 _c80151
_d80151
945 _a1
_bMadushi Gamage
_c1
_dMadushi Gamage